<?xml version="1.0" encoding="UTF-8"?>
<record
    xmlns:xsi="http://www.w3.org/2001/XMLSchema-instance"
    xsi:schemaLocation="http://www.loc.gov/MARC21/slim http://www.loc.gov/standards/marcxml/schema/MARC21slim.xsd"
    xmlns="http://www.loc.gov/MARC21/slim">

  <leader>01696    a2200229   4500</leader>
  <controlfield tag="001">48362</controlfield>
  <controlfield tag="005">20260407155748.0</controlfield>
  <controlfield tag="008">260407a1985    arg                 spa d</controlfield>
  <controlfield tag="003">AR-UNSa-BCEJYS</controlfield>
  <datafield tag="040" ind1=" " ind2=" ">
    <subfield code="a">AR-UNSa-BCEJYS</subfield>
    <subfield code="b">spa</subfield>
    <subfield code="c">AR-UNSa-BCEJYS</subfield>
  </datafield>
  <datafield tag="080" ind1=" " ind2=" ">
    <subfield code="a">330.101</subfield>
    <subfield code="x">Ciencia econ&#xF3;mica en general. La econom&#xED;a y sus problemas. Objeto y m&#xE9;todos de la econom&#xED;a pol&#xED;tica </subfield>
  </datafield>
  <datafield tag="245" ind1="1" ind2="0">
    <subfield code="a">Manual de Econom&#xED;a Pol&#xED;tica</subfield>
  </datafield>
  <datafield tag="020" ind1=" " ind2=" ">
    <subfield code="a">978-950-572-033-0</subfield>
  </datafield>
  <datafield tag="264" ind1=" " ind2="1">
    <subfield code="a">Buenos Aires :</subfield>
    <subfield code="b">V&#xED;ctor P. de Zaval&#xED;a</subfield>
    <subfield code="c">1985</subfield>
  </datafield>
  <datafield tag="300" ind1=" " ind2=" ">
    <subfield code="a">460 p.</subfield>
    <subfield code="c">23 cm.</subfield>
  </datafield>
  <datafield tag="505" ind1=" " ind2=" ">
    <subfield code="a">PARTE I: La ciencia econ&#xF3;mica: 1. El mundo de los fen&#xF3;menos econ&#xF3;micos - 2. La ciencia econ&#xF3;mica - 3. Fines y medios. Econom&#xED;a pol&#xED;tica y pol&#xED;tica econ&#xF3;mica - 4. La metodolog&#xED;a de la ciencia econ&#xF3;mica - PARTE II: La actividad econ&#xF3;mica: 5. Las bases naturales, psicol&#xF3;gicas y t&#xE9;cnicas de la actividad econ&#xF3;mica - 6. Los factores de la producci&#xF3;n y la productividad - 7. La organizaci&#xF3;n econ&#xF3;mica de la sociedad - PARTE III: 8. El mundo de los empresarios - 9. Elementos b&#xE1;sicos de la teor&#xED;a de los precios - 10. El equilibrio de la firma - 11. Formaci&#xF3;n del precio en los diferentes mercados - 12. El estado y los precios - 13. La formaci&#xF3;n del precio de los servicios productivos - PARTE IV: La macroeconom&#xED;a: 14. La renta nacional - 15. Algunas variables macroecon&#xF3;micas - 16. El nivel de la actividad econ&#xF3;mica - 17. Los sectores de la econom&#xED;a y el nivel de actividad. </subfield>
  </datafield>
  <datafield tag="942" ind1=" " ind2=" ">
    <subfield code="c">BK</subfield>
  </datafield>
  <datafield tag="590" ind1=" " ind2=" ">
    <subfield code="a">niveau_biblio:m niveau_hierar:0</subfield>
  </datafield>
  <datafield tag="100" ind1="1" ind2=" ">
    <subfield code="a">Cornejo, Benjam&#xED;n</subfield>
  </datafield>
  <datafield tag="700" ind1="1" ind2=" ">
    <subfield code="a">Iturrioz, Eulogio</subfield>
  </datafield>
  <datafield tag="856" ind1="4" ind2="1">
    <subfield code="u">https://www.biblioeco.unsa.edu.ar/pmb/images/libros/L45459.jpg</subfield>
    <subfield code="y">Imagen de portada</subfield>
    <subfield code="q">image/jpeg</subfield>
  </datafield>
  <datafield tag="999" ind1=" " ind2=" ">
    <subfield code="c">4572</subfield>
    <subfield code="d">4572</subfield>
  </datafield>
  <datafield tag="952" ind1=" " ind2=" ">
    <subfield code="0">0</subfield>
    <subfield code="1">0</subfield>
    <subfield code="4">0</subfield>
    <subfield code="7">0</subfield>
    <subfield code="a">BCEJYS</subfield>
    <subfield code="b">BCEJYS</subfield>
    <subfield code="c">16</subfield>
    <subfield code="d">2026-04-07</subfield>
    <subfield code="l">0</subfield>
    <subfield code="o">330.101 C813</subfield>
    <subfield code="p">L45459</subfield>
    <subfield code="r">2026-04-07 15:57:48</subfield>
    <subfield code="w">2026-04-07</subfield>
    <subfield code="y">L</subfield>
  </datafield>
  <datafield tag="952" ind1=" " ind2=" ">
    <subfield code="0">0</subfield>
    <subfield code="1">0</subfield>
    <subfield code="4">0</subfield>
    <subfield code="7">0</subfield>
    <subfield code="a">BCEJYS</subfield>
    <subfield code="b">BCEJYS</subfield>
    <subfield code="c">16</subfield>
    <subfield code="d">2026-04-07</subfield>
    <subfield code="l">0</subfield>
    <subfield code="o">330.101 C813</subfield>
    <subfield code="p">L22071</subfield>
    <subfield code="r">2026-04-07 15:57:48</subfield>
    <subfield code="w">2026-04-07</subfield>
    <subfield code="y">L</subfield>
  </datafield>
  <datafield tag="952" ind1=" " ind2=" ">
    <subfield code="0">0</subfield>
    <subfield code="1">0</subfield>
    <subfield code="4">0</subfield>
    <subfield code="7">0</subfield>
    <subfield code="a">BCEJYS</subfield>
    <subfield code="b">BCEJYS</subfield>
    <subfield code="c">16</subfield>
    <subfield code="d">2026-04-07</subfield>
    <subfield code="l">0</subfield>
    <subfield code="o">330.101 C813</subfield>
    <subfield code="p">L21505</subfield>
    <subfield code="r">2026-04-07 15:57:48</subfield>
    <subfield code="w">2026-04-07</subfield>
    <subfield code="y">L</subfield>
  </datafield>
</record>
